00480nam a22001577a 4500008004100000040001800041041000800059100002700067245006000094260006700154300001700221500002100238600001700259600003000276650001600306130821s1898 fr gr fre  aCo-BoUCMbspa00afre aPiconio, Bernardino A.00aEpistolarum Beati Pauli ApostolicBernardino A. Piconio aParís (Francia)bA. Roger et F. Chernoviz, Bibliopolasc1898 a513páginas aIncluye índice aPablocSanto aPablocSantoxEpístolas04aEpístolas